header

Diary of a Wimpy Kid Diper Overlode (Record no. 264574)

MARC details
000 -LEADER
fixed length control field 00423nam a22001697a 4500
003 - CONTROL NUMBER IDENTIFIER
control field OSt
005 - DATE AND TIME OF LATEST TRANSACTION
control field 20241007114439.0
008 - FIXED-LENGTH DATA ELEMENTS--GENERAL INFORMATION
fixed length control field 241003b xxu||||| |||| 00| 0 eng d
020 ## - INTERNATIONAL STANDARD BOOK NUMBER
International Standard Book Number 9781419762949
040 ## - CATALOGING SOURCE
Transcribing agency N/A
050 ## - LIBRARY OF CONGRESS CALL NUMBER
Classification number PZ7.
Item number K6232
100 ## - MAIN ENTRY--PERSONAL NAME
Personal name Jeff Kinney
245 ## - TITLE STATEMENT
Title Diary of a Wimpy Kid Diper Overlode
Statement of responsibility, etc Kinney, Jeff
260 ## - PUBLICATION, DISTRIBUTION, ETC. (IMPRINT)
Place of publication, distribution, etc New York
Name of publisher, distributor, etc Amulet Books
Date of publication, distribution, etc 2022
300 ## - PHYSICAL DESCRIPTION
Other physical details 217 pages
942 ## - ADDED ENTRY ELEMENTS (KOHA)
Source of classification or shelving scheme Library of Congress Classification
Koha item type Long Loan Books
Holdings
Withdrawn status Lost status Source of classification or shelving scheme Damaged status Not for loan Collection code Home library Current library Shelving location Date acquired Total Checkouts Full call number Barcode Date last seen Price effective from Koha item type
    Library of Congress Classification     Fiction Rongo University Library Rongo University Library Children's Area 03/10/2024   PZ7. K62322022 CL20243659 03/10/2024 03/10/2024 Long Loan Books

© 2026 Rongo University
Contact us: librarian | system librarian | Rongo university